01153nabaa22002057a 4500999001500000003000400015005001700019008004100036040000700077100003000084245008800114300001500202500003600217505042400253505008900677650003200766650001700798773011900815942001300934 c6293d6293OSt20260129010514.0190701b xxu||||| |||| 00| 0 spa d cPJ 918aCassagne, Juan Carlos13aEl estado populista y la teoría de la razón populista /cJuan Carlos Cassagne.  ap. 188-195 aCita: TR LALEY AR/DOC/446/2025  aSumario: I. Introducción.— II. La irrupción del Estado populista.— III. La teoría de la razón populista.— IV. Consecuencias de la adopción del modelo del socialismo del siglo XXI.— V. Perspectivas políticas.— VI. La justicia social y sus límites.— VII. La enfermedad populista y las técnicas que se utilizan.— VIII. La necesidad de lograr consensos y reafirmar una justicia independiente.  t¿Te interesa el texto completo? Comunicate al correo: koha@justierradelfuego.gov.ar 09211aDERECHO ADMINISTRATIVO 095541aESTADO0 0284293251dBuenos Aires : AbeledoPerrot, 2012-oDA121tDerecho administrativo. Nº 158 marzo/abril 2025z18510590 2udccANA